00417nmm a2200145Ia 4500008004100000020001800041041000800059100002300067245003400090264004300124300001800167490001400185650002100199856005100220251105s9999||||xx |||||||||||||||||und|| a9788483593738 aspa aHadi Sadoun, Abdul 0aMemorias de un perro iraquí a[Madrid, España] :bCalambur, c2016 a228 páginas aNarrativa aOther narratives uhttps://public.digitaliapublishing.com/a/44653